Villes du Calvados par arrondissement - Statistiques

Statistiques générales
  • Ce quiz a été pris 59 fois
  • Le résultat moyen est 9 sur 20
Statistiques - réponses
Ville Population % Correct
Bayeux 12 775
96%
Caen 108 200
96%
Lisieux 19 807
94%
Vire Normandie 17 135
94%
Hérouville-Saint-Clair 22 227
90%
Ifs 11 981
66%
Mondeville 10 075
66%
Ouistreham 9 331
60%
Honfleur 6 761
36%
Isigny-sur-Mer 3 570
28%
Condé-en-Normandie 6 157
24%
Mézidon Vallée d'Auge 9 579
24%
Livarot-Pays-d'Auge 6 158
22%
Saint-Pierre-en-Auge 7 288
22%
Saint-Vigor-le-Grand 2 529
22%
Le Molay-Littry 3 059
12%
Creully sur Seulles 2 266
10%
Les Monts d'Aunay 4 554
10%
Souleuvre en Bocage 8 745
10%
Valdallière 5 699
10%
Aucun quiz correspondant
Distribution des résultats
% des personnes avec chaque résultat
Percentile par nombre de réponses
Votre historique - résultats
Vous n’avez pas pris ce quiz